000
00270nam a2200109 a 4500
005
20140414093832.0
008
970109s19uu xx 00 eng d
050
_a
VHS 500
_b
OR 11
245
_a
Inside Hawaiian Volcanoes /
_c
Roger Mudd.
942
_c
AVM
999
_c
108788
_d
108788